00785nam a2200241 a 450000100060000000300090000600500170001500600150003200800410004701600300008801700540011802000150017203500210018704000280020808000190023608200160025510000230027124500980029426000350039230000430042765000350047070000380050526270CO-ViMGA20230915232154.0bimo0001824252141112s2004 ck r 000 u spa d abimoBNE20020826297 SpMaBN aB 26310 - 2002 Oficina Depósito Legal Barcelona a8449423260 a(OCoLC)433422776 aCO-ViMGAbspacCO-ViMGA a087.5 : 613.8804aR612.6 F55s1 aFont, Pere 1956 - 10aEl sexo contado a los pequeños / credacción, Pere Font Cabré, Elena O'Callaghan i Duch aBarcelona : bOceano, c[2002] a2 v. il. col. 30 cm 1 disco (CD - ROM)14aSexualidad - Libros infantiles1 aO'Callaghan i Duch, Elena 1955 -